チェス: 食われないようにしよう #3 - Sudden Death - Statistics

General Stats
  • This quiz has been taken 79 times
  • The average score is 4 of 8
Answers on the Grid
Answers color-coded by a green-red scale on the quiz's grid according to % correct below.
 
Answer Stats
Answer % Correct
53%
53%
53%
50%
50%
41%
31%
28%
No matching quizzes found
Score Distribution
Percent of People with Each Score
Percentile by Number Answered
Your Score History
You have not taken this quiz